Biblioteca y Centro de Documentación

Vista normal Vista MARC

Entrada Nombre corporativo

Número de registros utilizados en: 1

001 - NÚMERO DE CONTROL

  • Campo de control: 1466

003 - IDENTIFICADOR DE NÚMERO DE CONTROL

  • Campo de control: ES-MaCES

005 - FECHA Y HORA DE LA ULTIMA MODIFICACION

  • Campo de control: 20120326142200.0

008 - ELEMENTOS DE DATOS DE LONGITUD FIJA

  • Campo de longitud fija: 120326 | azznnaabn |n ana d

035 ## - NÚMERO DE CONTROL DEL SISTEMA

  • Número de control del sistema: CES20120000358e

040 ## - FUENTE DE LA CATALOGACIÓN

  • Agencia original de catalogación: ES-MaCES
  • Idioma de catalogación: spa
  • Agencia de transcripción: ES-MaCES

110 2# - ENCABEZAMIENTO--NOMBRE CORPORATIVO

  • Nombre corporativo o de jurisdicción como elemento de entrada: Asociación Española de Salud y Seguridad Social
  • Unidad subordinada: Congreso Nacional
  • Número de parte/sección/reunión:
  • Lugar de reunión o firma del tratado: 2011
  • Lugar de la reunión: Madrid

670 ## - FUENTE DE DATOS ENCONTRADOS

  • Fuente de citación: CD del CES

901 ## - CES. DATOS SIRTEX

  • ID Sirtex (N5N8): 0001800007583
  • 005BIS Sirtex: 201203261422ALORITE
© CES, Consejo Económico y Social de España 2021